Countries With Ten Letters - Statistics

General Stats
  • This quiz has been taken 226 times
    200 since last reset
  • The average score is 11 of 18
Answer Stats
Country % Correct
Uzbekistan
89%
Tajikistan
85%
South Korea
78%
Azerbaijan
77%
Kazakhstan
76%
North Korea
74%
Kyrgyzstan
71%
Mozambique
65%
Mauritania
64%
New Zealand
63%
Madagascar
61%
Bangladesh
59%
Luxembourg
59%
South Sudan
59%
Montenegro
53%
Seychelles
39%
El Salvador
35%
Saint Lucia
29%
No matching quizzes found
Score Distribution
Percent of People with Each Score
Percentile by Number Answered
Your Score History
You have not taken this quiz since the last reset